000 01079cam a2200229 4500
008 000000n2001 000 0 eng u
035 _a(Sirsi) u111750
245 4 _aThe EC Harris/Construction News contractors' input cost index
260 _c2001
490 _aConstruction News
_v(6709) 29 March 2001, 16(1)
520 _aProvides details of the latest key findings revealed in the EC Harris/Construction News Contractors' Input Cost Index. For instance, it reveals that input costs throughout the UK rose by 4.2% in the year to March 2001. Predictions from the regions indicate that most are expecting to see more construction work in the short term. However, over the next few years the repairs and maintenance and infrastructure sectors are expected to come to the fore. Graphs and table.
590 _aABS
650 _aEC HARRIS
650 _aINPUT COST INDEX
650 _aINPUT COSTS
650 _aCONTRACTORS
650 _aMATERIALS COSTS
650 _aLABOUR RATES
650 _aREGIONS
690 _aBUILT ENVIRONMENT-BUILDING COSTS
942 _n0
999 _c66583
_d66583